[Event "Chessable Masters Play In"]
[Site "Chess.com INT"]
[Date "2024.01.31"]
[Round "8"]
[White "Kamsky, Gata"]
[Black "Neiksans, Arturs"]
[Result "1/2-1/2"]
[WhiteElo "2623"]
[BlackElo "2588"]
[PlyCount "83"]
[EventDate "2024.01.31"]
[EventType "swiss (rapid)"]
[EventRounds "9"]
[EventCountry "USA"]
[SourceTitle "CB06_2024"]
[SourceDate "2024.02.07"]
[SourceVersion "1"]
[SourceVersionDate "2024.02.07"]
[SourceQuality "1"]

1. e4 c5 2. Nf3 e6 3. d4 cxd4 4. Nxd4 a6 5. Nc3 b5 6. Bd3 Bb7 7. 0-0 Nc6 8. Nxc6 Bxc6 9. Re1 Qb8 10. a4 bxa4 11. Nxa4 Bd6 12. Qh5 Nf6 13. Qh4 Be7 14. Qh3 h5 15. Nc3 Bc5 16. Nd1 Qb7 17. Be3 Bd6 18. f3 h4 19. Bd4 Bf4 20. Ne3 d6 21. Nc4 Bb5 22. e5 Bxc4 23. exf6 Qd5 24. Re4 g5 25. Bxc4 Qxc4 26. Bc3 Qd5 27. Rae1 Kd7 28. Qg4 Rac8 29. Rd4 Qb5 30. Kh1 Rc5 31. Rxf4 gxf4 32. Qg7 Rch5 33. Qxf7+ Kc6 34. Qxe6 h3 35. Rd1 hxg2+ 36. Kg1 Qc5+ 37. Bd4 Qg5 38. Qc4+ Kd7 39. Qf7+ Kc6 40. Qc4+ Kd7 41. Qf7+ Kc6 42. Qc4+ 1/2-1/2

[Event "CAN Transnational Classic"]
[Site "Montreal"]
[Date "2023.06.11"]
[Round "8"]
[White "Heimann, Mark A"]
[Black "Neiksans, Arturs"]
[Result "1-0"]
[WhiteElo "2426"]
[BlackElo "2605"]
[PlyCount "83"]
[EventDate "2023.06.06"]
[EventType "swiss"]
[EventRounds "9"]
[EventCountry "CAN"]
[SourceTitle "CBM 214 Extra"]
[Source "ChessBase"]
[SourceDate "2023.07.31"]
[SourceVersion "1"]
[SourceVersionDate "2023.07.31"]
[SourceQuality "1"]

1. e4 c5 2. Nf3 e6 3. d4 cxd4 4. Nxd4 a6 5. Bd3 Bc5 6. Nb3 Ba7 7. Qg4 Nf6 8. Qg3 d6 9. Nc3 Nc6 10. Bd2 b5 11. a3 Ne5 12. Be2 Ng6 13. h4 h5 14. 0-0-0 Bb7 15. Bg5 Qc7 16. Rxd6 Rc8 17. Rhd1 0-0 18. Bxf6 gxf6 19. Bxh5 Bxe4 20. Bxg6 fxg6 21. Rxe6 Qxg3 22. fxg3 Bxg2 23. Rxa6 Bf2 24. Rd3 Rc4 25. Nd1 Be4 26. Nxf2 Bxd3 27. Nxd3 Rg4 28. Nbc5 Rf7 29. Nf4 Rxg3 30. h5 g5 31. Nd5 Kg7 32. Ne4 Rg1+ 33. Kd2 g4 34. Ndxf6 g3 35. Ra8 Re7 36. h6+ Kg6 37. h7 Rd1+ 38. Kxd1 g2 39. Rg8+ Rg7 40. h8N+ Kh6 41. Nf7+ Kg6 42. Ne5+ 1-0

[Event "CAN Transnational op"]
[Site "Montreal"]
[Date "2023.06.10"]
[Round "7"]
[White "Neiksans, Arturs"]
[Black "Posthuma, Joshua G"]
[Result "1-0"]
[WhiteElo "2605"]
[BlackElo "2457"]
[PlyCount "63"]
[EventDate "2023.06.06"]
[EventType "swiss"]
[EventRounds "9"]
[EventCountry "CAN"]
[SourceTitle "CBM 214 Extra"]
[Source "ChessBase"]
[SourceDate "2023.07.31"]
[SourceVersion "1"]
[SourceVersionDate "2023.07.31"]
[SourceQuality "1"]

1. e4 c6 2. Nf3 d5 3. d3 Qc7 4. Nc3 dxe4 5. Nxe4 Nf6 6. Qe2 Nxe4 7. Qxe4 Nd7 8. g3 Nf6 9. Qe2 Bg4 10. Bg2 e6 11. h3 Bxf3 12. Bxf3 Bd6 13. d4 0-0-0 14. 0-0 e5 15. dxe5 Bxe5 16. Be3 Rhe8 17. Qc4 Bxb2 18. Rae1 Nd5 19. Bxa7 Rxe1 20. Rxe1 Qa5 21. Rb1 Qxa7 22. Rxb2 Qa5 23. Qg4+ Kb8 24. c4 Nf6 25. Qxg7 Qc3 26. Rb3 Qe1+ 27. Kg2 Rd2 28. Qf8+ Kc7 29. Qxf7+ Nd7 30. Qf4+ Ne5 31. Bh5 Qa1 32. Qxd2 1-0

[Event "CAN Transnational Rapid"]
[Site "Toronto"]
[Date "2023.06.04"]
[Round "11"]
[White "Bruzon Batista, Lazaro"]
[Black "Neiksans, Arturs"]
[Result "0-1"]
[WhiteElo "2617"]
[BlackElo "2605"]
[PlyCount "74"]
[EventDate "2023.06.03"]
[EventType "swiss (rapid)"]
[EventRounds "11"]
[EventCountry "CAN"]
[SourceTitle "CBM 214 Extra"]
[Source "ChessBase"]
[SourceDate "2023.07.31"]
[SourceVersion "1"]
[SourceVersionDate "2023.07.31"]
[SourceQuality "1"]

1. e4 c5 2. Nf3 e6 3. d4 cxd4 4. Nxd4 a6 5. a3 Qc7 6. c4 Nf6 7. Nc3 b6 8. Be3 Bb7 9. f3 Be7 10. Qd2 0-0 11. 0-0-0 b5 12. cxb5 d5 13. e5 Nfd7 14. f4 Nb6 15. Kb1 N8d7 16. h4 Nc5 17. b4 Ncd7 18. Rc1 Nc4 19. Bxc4 dxc4 20. h5 Nb6 21. h6 g6 22. Rhd1 a5 23. Nc2 axb4 24. axb4 Nd5 25. Kb2 Rfd8 26. Nxd5 Rxd5 27. Qc3 Rxb5 28. Ra1 Rb8 29. Ra7 Bf8 30. Kc1 Qc8 31. Ra5 Bxb4 32. Nxb4 Rxa5 33. Nc6 Bxc6 34. Qxa5 Bd5 35. Rd2 Qb7 36. Rc2 Be4 37. Rc3 Qb1+ 0-1

[Event "Chessable Masters Play In"]
[Site "Chess.com INT"]
[Date "2023.03.13"]
[Round "5"]
[White "Bok, Benjamin"]
[Black "Neiksans, Arturs"]
[Result "1-0"]
[WhiteElo "2607"]
[BlackElo "2611"]
[PlyCount "77"]
[EventDate "2023.03.13"]
[EventType "swiss (rapid)"]
[EventRounds "9"]
[EventCountry "USA"]
[SourceTitle "CBM 213 Extra"]
[Source "ChessBase"]
[SourceDate "2023.05.31"]
[SourceVersion "1"]
[SourceVersionDate "2023.05.31"]
[SourceQuality "1"]

1. d4 Nf6 2. c4 e6 3. Nc3 Bb4 4. Qc2 d6 5. e3 Nbd7 6. Bd3 c5 7. Nge2 0-0 8. 0-0 Qe7 9. a3 Ba5 10. Ng3 Bxc3 11. Qxc3 b6 12. b4 Ba6 13. dxc5 dxc5 14. b5 Bb7 15. Bb2 Rfd8 16. Rfd1 Nf8 17. f3 Rd7 18. Bc2 a6 19. Rxd7 N8xd7 20. Rd1 Nf8 21. Ne4 Ne8 22. Nd6 f5 23. Nxe8 Rxe8 24. Qe5 axb5 25. cxb5 Nd7 26. Qxg7+ Qxg7 27. Bxg7 Re7 28. Bc3 Bd5 29. a4 Nf8 30. e4 fxe4 31. fxe4 Bc4 32. Kf2 e5 33. Ke3 h5 34. Rd6 Nd7 35. Bd1 Bf7 36. a5 bxa5 37. b6 Kg7 38. b7 Nb8 39. Rd8 1-0

[Event "SWE-chT 2223 Elite"]
[Site "Sweden"]
[Date "2023.03.10"]
[Round "7.1"]
[White "Tari, Aryan"]
[Black "Neiksans, Arturs"]
[Result "1-0"]
[WhiteElo "2656"]
[BlackElo "2594"]
[PlyCount "85"]
[EventDate "2022.10.14"]
[EventType "team-tourn"]
[EventRounds "9"]
[EventCountry "SWE"]
[SourceTitle "CBM 213 Extra"]
[Source "ChessBase"]
[SourceDate "2023.05.31"]
[SourceVersion "1"]
[SourceVersionDate "2023.05.31"]
[SourceQuality "1"]
[WhiteTeam "Lunds"]
[BlackTeam "Stockholm Rockaden"]
[WhiteTeamCountry "SWE"]
[BlackTeamCountry "SWE"]

1. c4 e5 2. g3 c6 3. Nf3 e4 4. Nd4 d5 5. cxd5 Qxd5 6. Nc2 Nf6 7. Nc3 Qe5 8. Bg2 Na6 9. 0-0 Be7 10. Ne1 0-0 11. d4 exd3 12. Nxd3 Qh5 13. e4 Qxd1 14. Rxd1 Nc5 15. Nxc5 Bxc5 16. Na4 Be7 17. Be3 Re8 18. f3 Bf8 19. Rac1 b6 20. Nc3 Bb7 21. Kf2 Re7 22. b4 Rd7 23. a3 Rad8 24. Bf1 Rxd1 25. Nxd1 Ne8 26. Nb2 Nc7 27. Nd3 Ne6 28. Ne5 Rc8 29. Bc4 Bd6 30. Bf4 Nxf4 31. gxf4 Bxe5 32. fxe5 Kf8 33. Rd1 Re8 34. f4 Ke7 35. Ke3 Bc8 36. f5 Rf8 37. Kf4 f6 38. Rg1 g6 39. fxg6 hxg6 40. Rxg6 fxe5+ 41. Kxe5 Rf2 42. Rxc6 Bd7 43. Rh6 1-0

[Event "Titled Tuesday intern op 28th Feb Early"]
[Site "Chess.com INT"]
[Date "2023.02.28"]
[Round "2"]
[White "Neiksans, Arturs"]
[Black "Aizenberg, Benny"]
[Result "1/2-1/2"]
[WhiteElo "2609"]
[BlackElo "2367"]
[PlyCount "192"]
[EventDate "2023.02.28"]
[EventType "swiss (blitz)"]
[EventRounds "11"]
[EventCountry "USA"]
[SourceTitle "CBM 213 Extra"]
[Source "ChessBase"]
[SourceDate "2023.05.31"]
[SourceVersion "1"]
[SourceVersionDate "2023.05.31"]
[SourceQuality "1"]

1. Nf3 g6 2. e4 c5 3. d4 cxd4 4. Nxd4 Nc6 5. c4 Bg7 6. Be3 Nf6 7. Nc3 Ng4 8. Qxg4 Nxd4 9. Qd1 e5 10. Bd3 0-0 11. 0-0 d6 12. a4 f5 13. exf5 gxf5 14. f4 Be6 15. Re1 e4 16. Bxe4 fxe4 17. Bxd4 Rxf4 18. Nxe4 Bxc4 19. Bxg7 Kxg7 20. Qd4+ Kg8 21. g3 Rf7 22. Nxd6 Bb3 23. Re8+ Qxe8 24. Nxe8 Rxe8 25. Rf1 b6 26. Rxf7 Bxf7 27. Qd7 a5 28. Qc7 Re6 29. g4 Rg6 30. h3 h5 31. Qf4 hxg4 32. hxg4 Re6 33. Kf2 Kg7 34. g5 Kg8 35. Kg3 Kg7 36. Qf5 Kg8 37. Qf4 Kg7 38. Qd4+ Kg8 39. Kf4 Kf8 40. Qh8+ Ke7 41. Qb8 Be8 42. b3 Bg6 43. Qg8 Re4+ 44. Kf3 Re6 45. Qg7+ Ke8 46. Qc7 Kf8 47. Kf4 Re4+ 48. Kf3 Re6 49. Qc3 Kf7 50. Qh8 Ke7 51. Qg7+ Ke8 52. Kf2 Bf7 53. Qd4 Ke7 54. b4 axb4 55. Qxb4+ Ke8 56. Qd4 Bg6 57. Qd5 Ke7 58. Qb7+ Ke8 59. Kg3 Kf8 60. Qc8+ Ke7 61. Kf4 Re4+ 62. Kf3 Re6 63. Qc7+ Ke8 64. Qg7 Kd8 65. Qd4+ Ke7 66. Kf4 Ke8 67. Qd5 Ke7 68. Qc4 Kf7 69. Qc7+ Ke8 70. Kg3 Kf8 71. Qd7 Bf7 72. Kf4 Re7 73. Qd8+ Be8 74. g6 Re6 75. Kf5 Rxg6 76. Qc7 Rc6 77. Qa7 Rg6 78. Qc7 Rc6 79. Qd8 Rh6 80. Kg5 Rg6+ 81. Kf4 Rc6 82. Ke5 Rg6 83. Kd4 Rc6 84. Kd5 Rg6 85. Qb8 Ke7 86. Qe5+ Kd8 87. Qf5 Rc6 88. Qg5+ Kc7 89. Qe5+ Kd8 90. Qxe8+ Kxe8 91. Kxc6 Kd8 92. Kb7 Kd7 93. Kxb6 Kc8 94. Ka7 Kc7 95. Ka8 Kb6 96. a5+ Kxa5 1/2-1/2

[Event "Titled Tuesday intern op 28th Feb Early"]
[Site "Chess.com INT"]
[Date "2023.02.28"]
[Round "3"]
[White "Neiksans, Arturs"]
[Black "Koellner, Ruben Gideon"]
[Result "1-0"]
[WhiteElo "2609"]
[BlackElo "2410"]
[PlyCount "129"]
[EventDate "2023.02.28"]
[EventType "swiss (blitz)"]
[EventRounds "11"]
[EventCountry "USA"]
[SourceTitle "CBM 213 Extra"]
[Source "ChessBase"]
[SourceDate "2023.05.31"]
[SourceVersion "1"]
[SourceVersionDate "2023.05.31"]
[SourceQuality "1"]

1. Nf3 Nf6 2. g3 d5 3. Bg2 Nbd7 4. d4 e6 5. 0-0 b5 6. a4 b4 7. c4 bxc3 8. Nxc3 a5 9. Bf4 c6 10. e4 Ba6 11. Re1 Bb4 12. Ne5 Nxe5 13. dxe5 Nd7 14. exd5 cxd5 15. Bxd5 exd5 16. e6 0-0 17. exd7 Bxc3 18. bxc3 Qxd7 19. Be5 Bc4 20. Bd4 Rfe8 21. Qh5 f6 22. h4 Qf7 23. Qf5 Qg6 24. Qd7 Qf7 25. Qd6 Rxe1+ 26. Rxe1 Re8 27. Rb1 Qe6 28. Qxe6+ Rxe6 29. Rb8+ Kf7 30. Ra8 Re1+ 31. Kg2 Bf1+ 32. Kf3 Be2+ 33. Ke3 Bc4+ 34. Kd2 Re2+ 35. Kc1 Re1+ 36. Kd2 Re2+ 37. Kd1 Ra2 38. Rxa5 Rxa4 39. Rc5 Ra1+ 40. Kd2 Ra2+ 41. Ke3 Re2+ 42. Kf3 Re7 43. h5 Be2+ 44. Kf4 Bxh5 45. g4 Bg6 46. Rxd5 Re4+ 47. Kg3 Re7 48. f3 Bd3 49. Rc5 Bf1 50. Kf2 Bd3 51. Rc8 Re2+ 52. Kg3 Rc2 53. f4 Be4 54. f5 Bd5 55. Rc7+ Kf8 56. Kf4 Rg2 57. c4 Bf7 58. Bc5+ Ke8 59. Re7+ Kd8 60. Rxf7 Rc2 61. Bf8 Rxc4+ 62. Kg3 Ke8 63. Rxg7 Kxf8 64. Rxh7 Rc1 65. Rd7 1-0

[Event "Tallinn Leito Memorial"]
[Site "Tallinn"]
[Date "2023.02.04"]
[Round "8"]
[White "Ehlvest, Jaan"]
[Black "Neiksans, Arturs"]
[Result "1-0"]
[WhiteElo "2530"]
[BlackElo "2609"]
[PlyCount "55"]
[EventDate "2023.02.04"]
[EventType "swiss (rapid)"]
[EventRounds "9"]
[EventCountry "EST"]
[SourceTitle "CBM 212 Extra"]
[Source "ChessBase"]
[SourceDate "2023.03.31"]
[SourceVersion "1"]
[SourceVersionDate "2023.03.31"]
[SourceQuality "1"]

1. d4 Nf6 2. c4 e6 3. Nc3 Bb4 4. e3 0-0 5. Bd3 d5 6. a3 Be7 7. Nf3 c5 8. 0-0 Nc6 9. b3 b6 10. Bb2 cxd4 11. exd4 Bb7 12. Re1 Rc8 13. Rc1 Qd6 14. c5 bxc5 15. Nb5 Qf4 16. dxc5 Ne4 17. b4 a5 18. Nbd4 axb4 19. Nxc6 Bxc6 20. axb4 Rb8 21. Be5 Qh6 22. Nd4 Ba8 23. Bxb8 Rxb8 24. Bxe4 dxe4 25. c6 Bxb4 26. c7 Rc8 27. Nc6 Bf8 28. Qd8 1-0

[Event "Titled Tuesday intern op 10th Jan Early"]
[Site "Chess.com INT"]
[Date "2023.01.10"]
[Round "4"]
[White "Le Ruyet, Leopold"]
[Black "Neiksans, Arturs"]
[Result "0-1"]
[WhiteElo "2245"]
[BlackElo "2606"]
[PlyCount "64"]
[EventDate "2023.01.10"]
[EventType "swiss (blitz)"]
[EventRounds "11"]
[EventCountry "USA"]
[SourceTitle "EXT 2024"]
[Source "ChessBase"]
[SourceDate "2023.10.10"]
[SourceVersion "1"]
[SourceVersionDate "2023.10.10"]
[SourceQuality "1"]

1. c4 e5 2. Nc3 Nf6 3. Nf3 Nc6 4. e4 Bc5 5. Nxe5 Nxe5 6. d4 Bb4 7. dxe5 Nxe4 8. Qd4 Nxc3 9. bxc3 Be7 10. Bd3 d6 11. exd6 Qxd6 12. Bf4 Qe6+ 13. Kf1 0-0 14. Re1 Bf6 15. Rxe6 Bxd4 16. Re7 Bxc3 17. Bxc7 Be6 18. Ke2 Bb4 19. Rxe6 fxe6 20. Rb1 Bc5 21. f3 Rac8 22. Be5 Rf7 23. Be4 b6 24. h4 Rd7 25. h5 Rcd8 26. Rb2 Bd4 27. Bxd4 Rxd4 28. Rc2 h6 29. Ke3 Rd1 30. Kf4 Rc8 31. Ke5 Kf7 32. f4 Rc5+ 0-1

[Event "Titled Tuesday intern op 10th Jan Early"]
[Site "Chess.com INT"]
[Date "2023.01.10"]
[Round "9"]
[White "Tomashevsky, Evgeny"]
[Black "Neiksans, Arturs"]
[Result "1-0"]
[WhiteElo "2694"]
[BlackElo "2606"]
[PlyCount "57"]
[EventDate "2023.01.10"]
[EventType "swiss (blitz)"]
[EventRounds "11"]
[EventCountry "USA"]
[SourceTitle "EXT 2024"]
[Source "ChessBase"]
[SourceDate "2023.10.10"]
[SourceVersion "1"]
[SourceVersionDate "2023.10.10"]
[SourceQuality "1"]

1. Nf3 f5 2. g3 Nf6 3. Bg2 d6 4. d4 g6 5. 0-0 Bg7 6. c4 0-0 7. Nc3 c6 8. b4 Qe8 9. b5 h6 10. a4 a5 11. Ba3 Be6 12. c5 dxc5 13. Bxc5 Nbd7 14. Ba3 Nd5 15. Nxd5 Bxd5 16. bxc6 bxc6 17. Rb1 Rb8 18. Qd2 Nb6 19. Qxa5 Nc4 20. Qc5 Ra8 21. Rb7 Nxa3 22. Qxa3 c5 23. Rc7 cxd4 24. Rxe7 Qxa4 25. Qd6 Qc6 26. Qxc6 Bxc6 27. Re6 Bb5 28. Rb1 Bxe2 29. Rxe2 1-0

[Event "FIN-chT 2223"]
[Site "Finland"]
[Date "2022.09.25"]
[Round "2.2"]
[White "Ronka, Erik"]
[Black "Neiksans, Arturs"]
[Result "0-1"]
[WhiteElo "2248"]
[BlackElo "2594"]
[PlyCount "62"]
[EventDate "2022.09.24"]
[EventType "team-tourn"]
[EventRounds "11"]
[EventCountry "FIN"]
[SourceTitle "CBM 210 Extra"]
[Source "ChessBase"]
[SourceDate "2022.11.30"]
[SourceVersion "1"]
[SourceVersionDate "2022.11.30"]
[SourceQuality "1"]
[WhiteTeam "Vantaa EtVaS"]
[BlackTeam "Vammala SK"]
[WhiteTeamCountry "FIN"]
[BlackTeamCountry "FIN"]

1. e4 c5 2. Nf3 e6 3. d4 cxd4 4. Nxd4 a6 5. Nc3 Qc7 6. Bd3 Bc5 7. Nb3 Be7 8. Qg4 g6 9. Qe2 d6 10. Be3 Nd7 11. f4 Ngf6 12. g4 h6 13. 0-0-0 b5 14. a3 Bb7 15. Rhe1 Rc8 16. Kb1 Nb6 17. e5 dxe5 18. fxe5 Nfd5 19. Nxd5 Nxd5 20. Bd2 Bg5 21. Rf1 Qb6 22. Rde1 Bc6 23. c3 a5 24. Nd4 Bxd2 25. Qxd2 b4 26. Qf2 0-0 27. c4 bxa3 28. cxd5 Bxd5 29. Ka1 Qb4 30. Rb1 axb2+ 31. Rxb2 Qa3+ 0-1

[Event "Titled Tuesday intern op 20th Sep Early"]
[Site "Chess.com INT"]
[Date "2022.09.20"]
[Round "1"]
[White "Derjabin, Ilja"]
[Black "Neiksans, Arturs"]
[Result "0-1"]
[WhiteElo "2333"]
[BlackElo "2594"]
[PlyCount "140"]
[EventDate "2022.09.20"]
[EventType "swiss (blitz)"]
[EventRounds "11"]
[EventCountry "USA"]
[SourceTitle "EXT 2023"]
[Source "ChessBase"]
[SourceDate "2022.10.05"]
[SourceVersion "1"]
[SourceVersionDate "2022.10.05"]
[SourceQuality "1"]

1. d4 f5 2. e4 fxe4 3. f3 d5 4. Nc3 Nf6 5. Bg5 g6 6. fxe4 dxe4 7. Bc4 Bg7 8. Nge2 Nc6 9. a3 Bf5 10. 0-0 Qd7 11. d5 Ne5 12. Bb5 c6 13. dxc6 bxc6 14. Qxd7+ Kxd7 15. Rad1+ Kc7 16. Ba4 Rad8 17. h3 Nc4 18. Bb3 Nb6 19. Nd4 Bc8 20. a4 a5 21. Ne6+ Bxe6 22. Bxe6 Rhf8 23. g4 Nfd5 24. Nxd5+ Nxd5 25. Bxd5 Rxd5 26. b3 Rf3 27. Rxf3 Rxd1+ 28. Rf1 Bd4+ 29. Kg2 Rxf1 30. Kxf1 Bc5 31. Bd2 Bb6 32. Ke2 Kd6 33. Be3 Bc7 34. Bf4+ e5 35. Bg5 Kd5 36. Be3 h5 37. gxh5 gxh5 38. c4+ Ke6 39. Bc5 Kf5 40. Ke3 Bd8 41. Bd6 Bg5+ 42. Ke2 Kf4 43. Bc7 Kg3 44. Bxa5 Kxh3 45. Bc7 Kg4 46. a5 h4 47. a6 h3 48. a7 h2 49. a8Q h1Q 50. Qc8+ Kh5 51. Qh8+ Bh6 52. Qxe5+ Kg6 53. Qe6+ Kh5 54. Qf5+ Bg5 55. Qh7+ Bh6 56. Qf5+ Bg5 57. Qf7+ Kh6 58. Qf8+ Kg6 59. Qg8+ Kf5 60. Qc8+ Kg6 61. Qe6+ Bf6 62. Qg8+ Kf5 63. Qc8+ Kg5 64. Qg8+ Kf5 65. Qg3 Qb1 66. Qf4+ Ke6 67. Qg4+ Ke7 68. Qc8 Qd3+ 69. Kf2 Qf3+ 70. Ke1 Bc3# 0-1

[Event "Titled Tuesday intern op 13th Sep Early"]
[Site "Chess.com INT"]
[Date "2022.09.13"]
[Round "1"]
[White "Neiksans, Arturs"]
[Black "Pajeken, Jakob Leon"]
[Result "1-0"]
[WhiteElo "2594"]
[BlackElo "2461"]
[PlyCount "203"]
[EventDate "2022.09.13"]
[EventType "swiss (blitz)"]
[EventRounds "11"]
[EventCountry "USA"]
[SourceTitle "EXT 2023"]
[Source "ChessBase"]
[SourceDate "2022.10.05"]
[SourceVersion "1"]
[SourceVersionDate "2022.10.05"]
[SourceQuality "1"]

1. e4 e5 2. Nf3 Nc6 3. Bb5 a6 4. Ba4 Nf6 5. 0-0 Be7 6. d3 b5 7. Bb3 d6 8. Bd2 0-0 9. h3 Bb7 10. Re1 Nd7 11. a3 Nc5 12. Ba2 Ne6 13. Nc3 Ncd4 14. Nxd4 Nxd4 15. Nd5 Bxd5 16. Bxd5 c6 17. Ba2 Bg5 18. Bc3 Ne6 19. Qg4 Qf6 20. g3 g6 21. f4 Bh6 22. Rf1 Qe7 23. Bxe6 fxe6 24. fxe5 dxe5 25. Bxe5 Bg7 26. Bxg7 Kxg7 27. Kg2 e5 28. Qe2 Qc5 29. Qd2 a5 30. Qc3 Qxc3 31. bxc3 a4 32. Rab1 Rfd8 33. Kf3 Rd7 34. Ke3 Rad8 35. Rb4 h6 36. h4 h5 37. d4 c5 38. dxc5 Rd2 39. Rf2 Rd1 40. Rxb5 Rg1 41. Kf3 Rf8+ 42. Ke2 Rc8 43. Rb7+ Kg8 44. Rff7 Rxg3 45. Rg7+ Kf8 46. Rh7 Kg8 47. Rbg7+ Kf8 48. Kd2 Rxc5 49. Ra7 Rg2+ 50. Kd1 Kg8 51. Rhe7 Rc8 52. Rxe5 Rf8 53. Kc1 Rc8 54. Re6 Rg4 55. e5 g5 56. Rg6+ Kh8 57. hxg5 h4 58. Rh6+ Kg8 59. g6 Rxc3 60. g7 Rxg7 61. Ra8+ Kf7 62. Rxh4 Ke7 63. Kb2 Rc7 64. Rhxa4 Rb7+ 65. Kc1 Ke6 66. Kd2 Rbd7+ 67. Kc1 Rg1+ 68. Kb2 Rb7+ 69. Ka2 Rg2 70. R8a6+ Kxe5 71. Rc4 Kd5 72. Rac6 Rb5 73. Rc7 Rb6 74. a4 Rg3 75. R7c5+ Kd6 76. a5 Ra6 77. Kb2 Rg8 78. Rb5 Rga8 79. Rcc5 Rc6 80. Rxc6+ Kxc6 81. Rh5 Re8 82. Kb3 Re4 83. c4 Kb7 84. Kb4 Re1 85. Rh7+ Ka6 86. Rh6+ Kb7 87. a6+ Ka7 88. Kb5 Rb1+ 89. Kc5 Rg1 90. Rf6 Rg5+ 91. Kb4 Rg1 92. c5 Rb1+ 93. Kc4 Rc1+ 94. Kd5 Rd1+ 95. Kc6 Kxa6 96. Rf7 Rh1 97. Kc7 Ka7 98. c6 Rh8 99. Rd7 Ka6 100. Rd8 Rh7+ 101. Kd6 Ka7 102. Rd7+ 1-0

[Event "Titled Tuesday intern op 13th Sep Early"]
[Site "Chess.com INT"]
[Date "2022.09.13"]
[Round "4"]
[White "Seo, Jung Min"]
[Black "Neiksans, Arturs"]
[Result "1-0"]
[WhiteElo "2516"]
[BlackElo "2594"]
[PlyCount "113"]
[EventDate "2022.09.13"]
[EventType "swiss (blitz)"]
[EventRounds "11"]
[EventCountry "USA"]
[SourceTitle "EXT 2023"]
[Source "ChessBase"]
[SourceDate "2022.10.05"]
[SourceVersion "1"]
[SourceVersionDate "2022.10.05"]
[SourceQuality "1"]

1. e4 c5 2. Nf3 e6 3. c3 Nf6 4. e5 Nd5 5. d4 cxd4 6. cxd4 d6 7. Bd3 Be7 8. 0-0 b6 9. Qe2 Nb4 10. Bb5+ Bd7 11. a3 Nd5 12. Bc4 Bc6 13. exd6 Bxd6 14. Ne5 0-0 15. Rd1 Bb7 16. Bxd5 Bxd5 17. Nc3 Bb7 18. d5 Bxe5 19. Qxe5 Nd7 20. Qd6 e5 21. Qb4 Nc5 22. Be3 Rc8 23. a4 Ba6 24. a5 Nd3 25. Qa3 Ra8 26. axb6 axb6 27. Qb3 Nc5 28. Bxc5 bxc5 29. d6 Rb8 30. Qa3 Bb7 31. Qxc5 Qg5 32. Nd5 h5 33. Qe3 Qxe3 34. Ne7+ Kh7 35. fxe3 Rfd8 36. Rd2 Be4 37. Ra7 Rb6 38. d7 Re6 39. Nc8 Bc6 40. Rc7 Rf6 41. Na7 Be4 42. Rc8 Rxd7 43. Rxd7 Bf5 44. Rcc7 Bxd7 45. Rxd7 Ra6 46. Nb5 Ra1+ 47. Kf2 Rb1 48. Rd2 f5 49. Nc3 Rc1 50. Ne2 Rb1 51. h4 g5 52. hxg5 Kg6 53. Ng1 Kxg5 54. Nf3+ Kf6 55. Rd6+ Ke7 56. Rb6 f4 57. e4 1-0

[Event "FRA-chT Top 16 Gp Basse"]
[Site "Chartres"]
[Date "2022.06.19"]
[Round "4.1"]
[White "Piorun, Kacper"]
[Black "Neiksans, Arturs"]
[Result "1/2-1/2"]
[WhiteElo "2627"]
[BlackElo "2590"]
[PlyCount "111"]
[EventDate "2022.06.16"]
[EventType "team-tourn"]
[EventRounds "4"]
[EventCountry "FRA"]
[SourceTitle "CBM 208 Extra"]
[Source "ChessBase"]
[SourceDate "2022.07.31"]
[SourceVersion "1"]
[SourceVersionDate "2022.07.31"]
[SourceQuality "1"]
[WhiteTeam "Tremblay en France"]
[BlackTeam "St Quentin"]
[WhiteTeamCountry "FRA"]
[BlackTeamCountry "FRA"]

1. d4 Nf6 2. c4 e6 3. g3 d5 4. Bg2 Be7 5. Nf3 0-0 6. Nc3 dxc4 7. Ne5 c5 8. dxc5 Qxd1+ 9. Nxd1 Bxc5 10. 0-0 Nd5 11. Nxc4 Nc6 12. Bd2 Bd7 13. Nc3 Nb6 14. Nxb6 Bxb6 15. Na4 Bd4 16. Rac1 Ne7 17. Nc5 Bxc5 18. Rxc5 Bc6 19. e4 Rfd8 20. Be3 Rd3 21. Rfc1 Rad8 22. Bf1 Rd1 23. f3 a6 24. Kf2 h6 25. h4 Rxc1 26. Rxc1 Kf8 27. g4 Ke8 28. Be2 Rc8 29. Bd4 f6 30. h5 e5 31. Be3 Bd7 32. Rxc8+ Nxc8 33. Bc4 Nd6 34. Bd5 Bc8 35. Bc5 Nb5 36. Bb6 Nd6 37. Bc5 Nf7 38. a4 Ng5 39. Be3 Ne6 40. Ke2 Nc7 41. Bc4 Bd7 42. Bb3 Be6 43. Bd1 Bd7 44. Kd3 Ne6 45. Kc4 Bc6 46. Bb6 Kd7 47. b3 Kd6 48. Be2 Be8 49. Bd1 Kc6 50. Be3 Bf7 51. Kb4 Be8 52. Be2 Bf7 53. Bc4 Nd8 54. Be2 Ne6 55. Bc4 Nd8 56. Be2 1/2-1/2

[Event "FRA-chT Top 16 GpB"]
[Site "Chartres"]
[Date "2022.06.12"]
[Round "4.4"]
[White "Le Hetet, Nicolas"]
[Black "Neiksans, Arturs"]
[Result "0-1"]
[WhiteElo "2372"]
[BlackElo "2590"]
[PlyCount "64"]
[EventDate "2022.06.09"]
[EventType "team-tourn"]
[EventRounds "7"]
[EventCountry "FRA"]
[SourceTitle "CBM 208 Extra"]
[Source "ChessBase"]
[SourceDate "2022.07.31"]
[SourceVersion "1"]
[SourceVersionDate "2022.07.31"]
[SourceQuality "1"]
[WhiteTeam "Agen"]
[BlackTeam "St Quentin"]
[WhiteTeamCountry "FRA"]
[BlackTeamCountry "FRA"]

1. e4 c5 2. Nf3 e6 3. d4 cxd4 4. Nxd4 Nc6 5. Nc3 Qc7 6. Be3 a6 7. Qf3 Ne5 8. Qg3 h5 9. h4 d6 10. 0-0-0 Bd7 11. Kb1 Nf6 12. Be2 b5 13. a3 Rb8 14. f4 Nc4 15. Bc1 a5 16. e5 dxe5 17. fxe5 Ng4 18. Ne4 b4 19. Bxc4 Qxc4 20. b3 bxa3 21. Ka2 Qc7 22. Nd6+ Bxd6 23. exd6 Qb7 24. Bxa3 0-0 25. Rhf1 Rfc8 26. Rd2 Qa6 27. Rf3 a4 28. Rc3 e5 29. Rc7 exd4 30. Rxd7 Rxc2+ 31. Rxc2 axb3+ 32. Qxb3 Rxb3 0-1